MODULATORY EFFECT OF TRANSCRANIAL DIRECT CURRENT STIMULATION ON TRIPODAL INTEGRATION / (Record no. 525387)

000 -LEADER
fixed length control field 00620nam a22001937a 4500
003 - CONTROL NUMBER IDENTIFIER
control field NUST
005 - DATE AND TIME OF LATEST TRANSACTION
control field 20240222154247.0
038 ## - RECORD CONTENT LICENSOR
Staff Name Mr. Zahoor
082 ## - DEWEY DECIMAL CLASSIFICATION NUMBER
Classification number 610.28
100 ## - MAIN ENTRY--PERSONAL NAME
Personal name Fatima, Izzat
9 (RLIN) 16245
245 ## - TITLE STATEMENT
Title MODULATORY EFFECT OF TRANSCRANIAL DIRECT CURRENT STIMULATION ON TRIPODAL INTEGRATION /
Statement of responsibility, etc. Izzat Fatima
260 ## - PUBLICATION, DISTRIBUTION, ETC.
Place of publication, distribution, etc. Islamabad:
Name of publisher, distributor, etc. SMME - NUST,
Date of publication, distribution, etc. 2018.
300 ## - PHYSICAL DESCRIPTION
Extent xix, 74 p.: ill.;
Other physical details 30cm.
500 ## - GENERAL NOTE
General note Hardcover
650 ## - SUBJECT ADDED ENTRY--TOPICAL TERM
Topical term or geographic name entry element Biomedical Sciences - MS Thesis
9 (RLIN) 16246
700 ## - ADDED ENTRY--PERSONAL NAME
Personal name Dr. Muhammad Nabeel Anwar
9 (RLIN) 16247
856 ## - ELECTRONIC LOCATION AND ACCESS
Uniform Resource Identifier <a href="http://10.250.8.41:8080/xmlui/handle/123456789/8286">http://10.250.8.41:8080/xmlui/handle/123456789/8286</a>
942 ## - ADDED ENTRY ELEMENTS (KOHA)
Source of classification or shelving scheme
Koha item type Thesis
Holdings
Withdrawn status Lost status Source of classification or shelving scheme Damaged status Not for loan Permanent Location Current Location Shelving location Date acquired Full call number Barcode Date last seen Price effective from Koha item type
          Central Library (CL) Central Library (CL) Thesis 07/02/2019 610.28 CL-T-1957 07/03/2019 07/02/2019 Thesis
© 2023 Central Library, National University of Sciences and Technology. All Rights Reserved.